Yu-Gi-Oh! - Monstre (2) - Statistiques

Statistiques générales
  • Ce quiz a été pris 165 fois
  • Le résultat moyen est 141 sur 144
Statistiques - réponses
Question Tuile Select % Correct
Qui est Saggi le Clown des Ténèbres ? Non
99%
Qui est Saggi le Clown des Ténèbres ? Non
99%
Qui est Saggi le Clown des Ténèbres ? Non
99%
Qui est Saggi le Clown des Ténèbres ? Non
99%
Qui est Saggi le Clown des Ténèbres ? Non
99%
Qui est Saggi le Clown des Ténèbres ? Non
99%
Qui est Saggi le Clown des Ténèbres ? Oui
99%
Qui est Saggi le Clown des Ténèbres ? Non
99%
Qui est Saggi le Clown des Ténèbres ? Non
99%
Qui est Saggi le Clown des Ténèbres ? Non
99%
Qui est Saggi le Clown des Ténèbres ? Non
99%
Qui est Saggi le Clown des Ténèbres ? Non
99%
Qui est Seigneur Vampire ? Non
99%
Qui est Seigneur Vampire ? Non
99%
Qui est Seigneur Vampire ? Non
99%
Qui est Seigneur Vampire ? Non
99%
Qui est Seigneur Vampire ? Non
99%
Qui est Seigneur Vampire ? Non
99%
Qui est Seigneur Vampire ? Non
99%
Qui est Seigneur Vampire ? Non
99%
Qui est Seigneur Vampire ? Non
99%
Qui est Seigneur Vampire ? Non
99%
Qui est Tête de Canon X ? Non
99%
Qui est Tête de Canon X ? Non
99%
Qui est Tête de Canon X ? Non
99%
Qui est Tête de Canon X ? Non
99%
Qui est Tête de Canon X ? Non
99%
Qui est Tête de Canon X ? Non
99%
Qui est Tête de Canon X ? Non
99%
Qui est Tête de Canon X ? Non
99%
Qui est Tête de Canon X ? Non
99%
Qui est Tête de Canon X ? Non
99%
Qui est Marauseur Vorse ? Non
99%
Qui est Marauseur Vorse ? Non
99%
Qui est Marauseur Vorse ? Non
99%
Qui est Marauseur Vorse ? Non
99%
Qui est Marauseur Vorse ? Non
99%
Qui est Dragon du Tonnerre ? Non
99%
Qui est Dragon du Tonnerre ? Non
99%
Qui est Dragon du Tonnerre ? Non
99%
Qui est Dragon du Tonnerre ? Non
99%
Qui est Dragon du Tonnerre ? Non
99%
Qui est Dragon du Tonnerre ? Non
99%
Qui est Dragon du Tonnerre ? Non
99%
Qui est Dragon du Tonnerre ? Oui
99%
Qui est Dragon du Tonnerre ? Non
99%
Qui est Dragon du Tonnerre ? Non
99%
Qui est Dragon du Tonnerre ? Non
99%
Qui est Dragon du Tonnerre ? Non
99%
Qui est Kaiser Hippocampe ? Non
99%
Qui est Kaiser Hippocampe ? Non
99%
Qui est Kaiser Hippocampe ? Non
99%
Qui est Kaiser Hippocampe ? Non
99%
Qui est Kaiser Hippocampe ? Non
99%
Qui est Kaiser Hippocampe ? Non
99%
Qui est Bœuf de Combat ? Non
99%
Qui est Bœuf de Combat ? Non
99%
Qui est Bœuf de Combat ? Non
99%
Qui est Bœuf de Combat ? Non
99%
Qui est Bœuf de Combat ? Non
99%
Qui est Bœuf de Combat ? Non
99%
Qui est Bœuf de Combat ? Non
99%
Qui est Bœuf de Combat ? Non
99%
Qui est Bœuf de Combat ? Non
99%
Qui est Seigneur des D ? Non
99%
Qui est Seigneur des D ? Non
99%
Qui est Seigneur des D ? Non
99%
Qui est Seigneur des D ? Non
99%
Qui est Seigneur des D ? Non
99%
Qui est La Jinn le Génie Mystique de la Lampe ? Non
99%
Qui est La Jinn le Génie Mystique de la Lampe ? Non
99%
Qui est La Jinn le Génie Mystique de la Lampe ? Non
99%
Qui est La Jinn le Génie Mystique de la Lampe ? Non
99%
Qui est La Jinn le Génie Mystique de la Lampe ? Non
99%
Qui est La Jinn le Génie Mystique de la Lampe ? Non
99%
Qui est La Jinn le Génie Mystique de la Lampe ? Non
99%
Qui est La Jinn le Génie Mystique de la Lampe ? Non
99%
Qui est La Jinn le Génie Mystique de la Lampe ? Non
99%
Qui est La Jinn le Génie Mystique de la Lampe ? Non
99%
Qui est La Jinn le Génie Mystique de la Lampe ? Oui
99%
Qui est La Jinn le Génie Mystique de la Lampe ? Non
99%
Qui est Juge ? Non
98%
Qui est Juge ? Non
98%
Qui est Juge ? Non
98%
Qui est Juge ? Non
98%
Qui est Juge ? Non
98%
Qui est Juge ? Non
98%
Qui est Juge ? Non
98%
Qui est Tête de Canon X ? Non
98%
Qui est Tête de Canon X ? Oui
98%
Qui est Marauseur Vorse ? Non
98%
Qui est Marauseur Vorse ? Non
98%
Qui est Kaiser Hippocampe ? Non
98%
Qui est Kaiser Hippocampe ? Non
98%
Qui est Kaiser Hippocampe ? Non
98%
Qui est Dragon Blanc aux Yeux Bleus ? Non
98%
Qui est Dragon Blanc aux Yeux Bleus ? Non
98%
Qui est Dragon Blanc aux Yeux Bleus ? Non
98%
Qui est Dragon Blanc aux Yeux Bleus ? Non
98%
Qui est Dragon Blanc aux Yeux Bleus ? Non
98%
Qui est Dragon Blanc aux Yeux Bleus ? Oui
98%
Qui est Dragon Blanc aux Yeux Bleus ? Non
98%
Qui est Dragon Blanc aux Yeux Bleus ? Non
98%
Qui est Dragon Blanc aux Yeux Bleus ? Non
98%
Qui est Dragon Blanc aux Yeux Bleus ? Non
98%
Qui est Dragon Blanc aux Yeux Bleus ? Non
98%
Qui est Dragon Blanc aux Yeux Bleus ? Non
98%
Qui est Bœuf de Combat ? Non
98%
Qui est Seigneur des D ? Non
98%
Qui est Seigneur des D ? Non
98%
Qui est Obelisk, le Tourmenteur ? Non
98%
Qui est Obelisk, le Tourmenteur ? Non
98%
Qui est Obelisk, le Tourmenteur ? Non
98%
Qui est Obelisk, le Tourmenteur ? Non
98%
Qui est Obelisk, le Tourmenteur ? Non
98%
Qui est Obelisk, le Tourmenteur ? Non
98%
Qui est Obelisk, le Tourmenteur ? Non
98%
Qui est Obelisk, le Tourmenteur ? Non
98%
Qui est Obelisk, le Tourmenteur ? Non
98%
Qui est Juge ? Non
97%
Qui est Juge ? Non
97%
Qui est Kaiser Hippocampe ? Non
97%
Qui est Seigneur des D ? Non
97%
Qui est Seigneur des D ? Non
97%
Qui est Obelisk, le Tourmenteur ? Non
97%
Qui est Juge ? Non
96%
Qui est Juge ? Non
96%
Qui est Marauseur Vorse ? Non
96%
Qui est Marauseur Vorse ? Non
96%
Qui est Seigneur des D ? Non
96%
Qui est Seigneur des D ? Non
96%
Qui est Obelisk, le Tourmenteur ? Non
96%
Qui est Obelisk, le Tourmenteur ? Oui
96%
Qui est Kaiser Hippocampe ? Non
95%
Qui est Juge ? Oui
94%
Qui est Marauseur Vorse ? Non
94%
Qui est Bœuf de Combat ? Non
94%
Qui est Bœuf de Combat ? Oui
94%
Qui est Marauseur Vorse ? Non
92%
Qui est Kaiser Hippocampe ? Oui
92%
Qui est Seigneur des D ? Oui
89%
Qui est Seigneur Vampire ? Oui
88%
Qui est Seigneur Vampire ? Non
87%
Qui est Marauseur Vorse ? Oui
83%
Aucun quiz correspondant
Distribution des résultats
% des personnes avec chaque résultat
Percentile par nombre de réponses
Votre historique - résultats
Vous n’avez pas pris ce quiz